000 01057nam a2200229Ia 4500
001 10171
003 GE_BSU
008 181216s||||||||xx |||||||||||||| ||und||
020 _a9789994052493
040 _cGE_BSU
080 _a821.353.1'01.09
245 _aსაკითხები პროპედევტიკური კურსიდან ძველი და XIX საუკუნის ლიტერატურის ისტორიაში
245 _bძვ.ქართ.ლიტ.;ახ.ქართ.ლიტ.ისტორია
245 _cრედ.ოთარ გიორგაძე
260 _aქუთაისი
260 _bუნივერსიტეტის გამ–ბა
260 _c2007
300 _a263გვ.20სმ.
541 _h10ლ.
653 _aსაკითხები პროპედევტიკური კურსიდან ძველი და XIX საუკუნის ლიტერატურის ისტორიაში
942 _cBK
999 _c43441
_d43441